MARC

LEADER 00000nam0a2200000 4500
001 21203
005 20231101205418.0
035 |a (RuTPU)RU\TPU\book\21401 
035 |a BOOK00006094 
090 |a 21203 
100 |a 20011209d1984 k y0rusy50 ca 
101 0 |a rus 
102 |a RU 
105 |a a z 000zy 
200 1 |a Психология эмоций  |e Тексты  |f Под ред. В. К. Вилюнаса, Ю. Б. Гиппенрейтер 
210 |a Москва  |c Изд-во МГУ  |d 1984 
215 |a 287 с.  |c ил. 
606 1 |a Эмоции (психология)  |2 stltpush  |3 (RuTPU)RU\TPU\subj\21177  |9 46208 
610 1 |a психология 
610 1 |a эмоции 
610 1 |a чувства 
610 1 |a аффекты 
610 1 |a смех 
610 1 |a печаль 
610 1 |a горе 
610 1 |a эмпатия 
610 1 |a психологические типы 
610 1 |a хрестоматии 
686 |a Ю935.2  |v LBC/SL-A  |2 rubbk 
702 1 |a Вилюнас  |b В. К.  |g Витис Казиса  |4 340 
702 1 |a Гиппенрейтер  |b Ю. Б.  |g Юлия Борисовна  |4 340 
801 0 |a RU  |b 63413507  |c 20011209  |g PSBO 
801 2 |a RU  |b 63413507  |c 20171117  |g PSBO 
942 |c BK